000 00627nam a2200241Ia 4500
003 OSt
005 20220918182212.0
006 a|||||r|||| 00| 0
007 ta
008 220917b |||||||| |||| 00| 0 eng d
024 _a31,220
037 _cTextual
040 _aARTS
_cARTS
_beng
041 _2eng
_aeng
082 _aO111,6K67:g, M3
100 _aLock F P
_913408
245 0 _aSwift's tory politics
260 _aLondon
_bGerald Duckworth
_c1983
300 _aviii,189p.
_ccm.
650 _aENGLISH LITERATURE
942 _hO111,6K67:g, M3
_cTEXL
_2CC
999 _c168167
_d168167